Construction industry insurance crisis (Record no. 71141)

MARC details
000 -LEADER
fixed length control field 01043cam a2200217 4500
001 - CONTROL NUMBER
control field WB3833-16
008 - FIXED-LENGTH DATA ELEMENTS--GENERAL INFORMATION
fixed length control field 020911n2002 000 0 eng u
035 ## - SYSTEM CONTROL NUMBER
System control number (Sirsi) u119671
245 ## - TITLE STATEMENT
Title Construction industry insurance crisis
260 ## - PUBLICATION, DISTRIBUTION, ETC.
Date of publication, distribution, etc. 2002
490 ## - SERIES STATEMENT
Series statement Construction Confederation News Release
Volume/sequential designation 11 September 2002 (2)
520 ## - SUMMARY, ETC.
Summary, etc. The Construction Confederation has suggested setting up a pooled or scheme arrangement for its members to access discounted employer's liability cover. An alliance with other construction trade bodies could give further discounts. Huge premium hikes and a reduction in the number of insurance companies dealing with construction has resulted in a near crisis. Press release at http://www.thecc.org.uk/main.asp?page=news_item&item=news&editpage=<6168024>&
590 ## - LOCAL NOTE (RLIN)
Local note WB
650 ## - SUBJECT ADDED ENTRY--TOPICAL TERM
Topical term or geographic name entry element CONSTRUCTION INDUSTRY
650 ## - SUBJECT ADDED ENTRY--TOPICAL TERM
Topical term or geographic name entry element EMPLOYERS LIABILITY
650 ## - SUBJECT ADDED ENTRY--TOPICAL TERM
Topical term or geographic name entry element Insurance
9 (RLIN) 6249
650 ## - SUBJECT ADDED ENTRY--TOPICAL TERM
Topical term or geographic name entry element INSURANCE PREMIUMS
650 ## - SUBJECT ADDED ENTRY--TOPICAL TERM
Topical term or geographic name entry element CONSTRUCTION CONFEDERATION
690 ## - LOCAL SUBJECT ADDED ENTRY--TOPICAL TERM (OCLC, RLIN)
Topical term or geographic name as entry element Insurance
9 (RLIN) 6249
942 ## - ADDED ENTRY ELEMENTS (KOHA)
Suppress in OPAC 0
Holdings
Withdrawn status Lost status Source of classification or shelving scheme Damaged status Not for loan Home library Current library Shelving location Date acquired Total Checkouts Full call number Barcode Date last seen Copy number Price effective from Koha item type
    Dewey Decimal Classification     London London News article 11/09/2002   WB3833-16 119671-1001 06/08/2019 1 06/08/2019 News article